La enseñanza del derecho en la Argentina. Desde sus orígenes hasta la primera década del siglo XX.

Αποθηκεύτηκε σε:
Λεπτομέρειες βιβλιογραφικής εγγραφής
Κύριος συγγραφέας: Seoane, María Isabel (autora)
Μορφή: Βιβλίο
Γλώσσα:Αγγλικά
Έκδοση: Buenos Aires, Argentina: Perrot, 1981.
Σειρά:Colección Lecciones de Historia Jurídica. Facultad de Derecho y Ciencias Sociales. Instituto de Historia del Derecho Ricardo Levene,
Θέματα:
Ετικέτες: Προσθήκη ετικέτας
Δεν υπάρχουν, Καταχωρήστε ετικέτα πρώτοι!

MARC

LEADER 00000nam a22000007a 4500
003 CL-VaPUC
005 20220822114709.0
008 220722t1981 ||||| |||| 00| 0 eng d
999 |c 437443  |d 437441 
040 |c Pontificia Universidad Católica de Valparaíso 
082 |2 22  |a 340.071082 SEO 1981 
100 |9 398467  |a Seoane, María Isabel  |e autora 
245 |a La enseñanza del derecho en la Argentina.   |b Desde sus orígenes hasta la primera década del siglo XX.  
260 |a Buenos Aires, Argentina:   |b Perrot,   |c 1981. 
300 |a 109 páginas.  
490 |a Colección Lecciones de Historia Jurídica. Facultad de Derecho y Ciencias Sociales. Instituto de Historia del Derecho Ricardo Levene,   |n  8. 
500 |a c.1 Donación Familia Prof. Alejandro Guzmán Brito.  
583 |c 20220722  |k Yessy Sthefany Diaz Vidal 
650 |a Derecho   |x Enseñanza   |z Argentina   |9 873710 
650 |a Derecho   |x Enseñanza   |y Siglo XX   |9 873713 
942 |2 ddc  |c BK  |n 0 
952 |0 0  |1 0  |2 ddc  |4 0  |6 340_071082000000000_SEO_1981  |7 0  |8 C_AGB  |9 585210  |a BIBDER  |b BIBDER  |d 2022-07-22  |e Donación   |i 5653257  |o 340.071082 SEO 1981  |p 5653257  |r 2023-01-25  |t 1  |w 2022-07-22  |y BK_US  |k AGB